Advances in longitudinal methods in the social and behavioral sciences / (Record no. 14624)

000 -LEADER
fixed length control field 00674cam a2200217 a 4500
020 ## - INTERNATIONAL STANDARD BOOK NUMBER
ISBN 9781617358890 (pbk.)
020 ## - INTERNATIONAL STANDARD BOOK NUMBER
ISBN 9781617358906 (hbk.)
020 ## - INTERNATIONAL STANDARD BOOK NUMBER
ISBN 9781617358913 (ebook)
040 ## - CATALOGING SOURCE
Transcribing agency DLC
082 00 - DEWEY DECIMAL CLASSIFICATION NUMBER
Classification number 300 INF 2012 A069 Or.
245 00 - TITLE STATEMENT
Title Advances in longitudinal methods in the social and behavioral sciences /
260 ## - PUBLICATION, DISTRIBUTION, ETC. (IMPRINT)
Place of publication Charlotte, NC :
Name of publisher Information Age Pub.,
Year of publication c2012.
300 ## - PHYSICAL DESCRIPTION
Number of Pages xiii, 339 p. :
Other physical details ill. ;
Dimensions 24 cm.
490 1# - SERIES STATEMENT
Series statement CILVR series on latent variable methodology
650 #0 - SUBJECT ADDED ENTRY--TOPICAL TERM
Topical Term Social sciences
650 #0 - SUBJECT ADDED ENTRY--TOPICAL TERM
Topical Term Social sciences
650 #0 - SUBJECT ADDED ENTRY--TOPICAL TERM
Topical Term Longitudinal method.
700 1# - ADDED ENTRY--PERSONAL NAME
Personal name Harring, Jeffrey,
700 1# - ADDED ENTRY--PERSONAL NAME
Personal name Hancock, Gregory R.
942 ## - ADDED ENTRY ELEMENTS (KOHA)
Koha item type សៀវភៅភាសាអង់គ្លេស
952 ## - LOCATION AND ITEM INFORMATION (KOHA)
Withdrawn status [LOCAL, KOHA] 0
Holdings
Permanent Location Date acquired Koha item type Lost status Shelving location Barcode Current Location Full call number
Library Block A2017-10-20សៀវភៅភាសាអង់គ្លេស A069A06044Library Block A300 INF 2012 A069 Or.
មជ្ឈមណ្ឌលឯការនៃសាកលវិទ្យាល័យភូមិន្ទកសិកម្មចំការដូង

Powered by Koha